Logo BPK

Biblioteka

Politechniki Koszalińskiej

Bibliografia Bibliografii i Nauki o Książce 1979. (Rekord nr 23779)

Szczegóły MARC
000 -ETYKIETA REKORDU
podpole kontrolne o stałej długości 00432nam a2200145 i 4500
001 - NUMER KONTROLNY REKORDU
pole kontrolne bg
040 ## - ŹRÓDŁO KATALOGOWANIA
Instytucja, która utworzyła rekord BPK
041 ## - KOD JĘZYKA
Kod języka tekstu pol
080 ## - UNIWERSALNA KLASYFIKACJA DZIESIĘTNA - UKD
UKD 016:01+002
008 - POLE O STAŁEJ DŁUGOŚCI - DANE KONTROLNE
podpole kontrolne o stałej długości s pl f |000 0 pol
245 #0 - TYTUŁ/ODPOWIEDZIALNOŚĆ
Tytuł Bibliografia Bibliografii i Nauki o Książce 1979.
Oznaczenie części/sekcji dzieła Cz. 2,
Tytuł części/sekcji dzieła Polska Bibliografia Bibliologiczna /
Pozostałe elementy strefy tytułu i oznaczenia odpowiedzialności oprac. Maria Barbara Bieńkowa.
260 ## - STREFA ADRESU WYDAWNICZEGO
Miejsce wydania Warszawa.
700 1# - HASŁO DODATKOWE - NAZWA OSOBOWA
Nazwa osobowa Bieńkowa, Maria Barbara.
Określenie związku między hasłem a opisywanym materiałem Oprac.
856 ## - LOKALIZACJA I DOSTĘP DO ELEKTRONICZNYCH DOKUMENTÓW ZDALNYCH
Link (URL) http://koha.tu.koszalin.pl/cgi-bin/koha/opac-detail.pl?biblionumber=23779
Tekst linku Katalog online BPK
942 ## - DODATKOWE ELEMENTY (KOHA)
Typ dokumentu Książka
Egzemplarze
Wycofany Status egzemplarza Uszkodzony Dostępność Lokalizacja stała Lokalizacja bieżąca Miejsce przechowywania Sygnatura Kod kreskowy Typ dokumentu
      Dostępny Biblioteka Politechniki Koszalińskiej Biblioteka Politechniki Koszalińskiej Wypożyczalnia BG 34007 02186061 Książka
© 2023 Biblioteka Politechniki Koszalińskiej :: KOHA